One Piece Will of D. Characters - Statistics

General Stats
  • This quiz has been taken 151 times
  • The average score is 12 of 15
Answer Stats
Hint Answer % Correct
Protagonist of the series, ate the Gum Gum fruit Monkey D. Luffy
100%
The former Pirate King, father of Fire Fist Gol D. Roger
99%
Hero of the Marines, grandfather of the protagonist Monkey D. Garp
99%
Former Second Division Commander of the Whitebeard pirates Portgas D. Ace "Fire Fist"
99%
Emperor, ate the Dark Dark Fruit Marshall D. Teach "Blackbeard"
98%
Leader of the Revolutionary Army, father of the protagonist Monkey D. Dragon
98%
Princess of Alabasta, honorary Straw Hat Pirate Nefertari D. Vivi
98%
Captain of the Heart Pirates, ate the Op Op fruit Trafalgar D. Water Law
95%
The captain of the Rocks Pirates, erased from history Rocks D. Xebec
90%
Former King of Alabasta, killed by the Gorosei Nefertari D. Cobra
75%
Former Marine Vice Admiral, saved Robin on Ohara Jaguar D. Saul
70%
Wife of the Pirate King and mother of Fire Fist Portgas D. Rouge
69%
Queen of Alabasta at the time of the World Government's creation Nefertari D. Lili
56%
Head Archeologist at Ohara Clou D. Clover
53%
Mysterious Pirate from long ago Davy D. Jones
25%
No matching quizzes found
Score Distribution
Percent of People with Each Score
Percentile by Number Answered
Your Score History
You have not taken this quiz